| Tag |
First Indicator |
Second Indicator |
Subfields |
| LEADER |
00000cas a2200000L 4500 |
| 001 |
in00000055311 |
| 005 |
20151008052217.0 |
| 008 |
751007d19251953miu x p s0uuua1eng d |
| 035 |
|
|
|a (OCoLC)01681103
|
| 035 |
|
|
|9 AAH2237AM
|
| 040 |
|
|
|a MUL
|c MUL
|d TXA
|d UtOrBLW
|
| 049 |
|
|
|a TXAE
|
| 090 |
|
|
|a TA7
|b .M47
|
| 110 |
1 |
|
|a Michigan.
|b State University, East Lansing.
|b Engineering Experiment Station.
|
| 245 |
1 |
0 |
|a Bulletin.
|
| 246 |
1 |
7 |
|a Michigan engineering bulletin
|
| 264 |
|
1 |
|a East Lansing.
|b [publisher not identified] ;
|
| 300 |
|
|
|a 112 numbers :
|b illustrations
|a irregular.
|
| 336 |
|
|
|a text
|b txt
|2 rdacontent
|
| 337 |
|
|
|a unmediated
|b n
|2 rdamedia
|
| 338 |
|
|
|a volume
|b nc
|2 rdacarrier
|
| 362 |
0 |
|
|a no. 1-112; 1925-1953.
|
| 500 |
|
|
|a No. 1-5 issued as Michigan State College bulletin.
|
| 525 |
|
|
|a No. 70 accompanied by supplement.
|
| 550 |
|
|
|a No. 1- issued by the station under an earlier name of the university: State College of Agriculture and Applied Science.
|
| 650 |
|
0 |
|a Engineering
|z Michigan.
|
| 760 |
0 |
|
|t Michigan State College bulletin
|
| 999 |
|
|
|a MARS
|
| 999 |
f |
f |
|s af6e890b-0c0e-3913-bf00-220e89d6ee22
|i e9ce04fd-0d25-34ab-829b-647e969a4efc
|t 0
|
| 952 |
f |
f |
|p ric
|a Texas A&M University
|b Rellis Campus
|c Joint Library Facility
|d Remote Storage
|t 0
|e TA7 .M47
|h Library of Congress classification
|i unmediated -- volume
|k no.110
|l 1952
|m A14841426898
|
| 952 |
f |
f |
|p ric
|a Texas A&M University
|b Rellis Campus
|c Joint Library Facility
|d Remote Storage
|t 0
|e TA7 .M47
|h Library of Congress classification
|i unmediated -- volume
|k no.109
|l 1951
|m A14841426961
|
| 952 |
f |
f |
|p ric
|a Texas A&M University
|b Rellis Campus
|c Joint Library Facility
|d Remote Storage
|t 0
|e TA7 .M47
|h Library of Congress classification
|i unmediated -- volume
|k no.26-49
|l 1929-1933
|m A14841426929
|
| 952 |
f |
f |
|p ric
|a Texas A&M University
|b Rellis Campus
|c Joint Library Facility
|d Remote Storage
|t 0
|e TA7 .M47
|h Library of Congress classification
|i unmediated -- volume
|k no.84-96
|l 1939-1942
|m A14841426856
|
| 952 |
f |
f |
|p ric
|a Texas A&M University
|b Rellis Campus
|c Joint Library Facility
|d Remote Storage
|t 0
|e TA7 .M47
|h Library of Congress classification
|i unmediated -- volume
|k no.66-75
|l 1936-1937
|m A14841426864
|
| 952 |
f |
f |
|p ric
|a Texas A&M University
|b Rellis Campus
|c Joint Library Facility
|d Remote Storage
|t 0
|e TA7 .M47
|h Library of Congress classification
|i unmediated -- volume
|k no.50-65
|l 1933-1935
|m A14841426911
|
| 952 |
f |
f |
|p ric
|a Texas A&M University
|b Rellis Campus
|c Joint Library Facility
|d Remote Storage
|t 0
|e TA7 .M47
|h Library of Congress classification
|i unmediated -- volume
|k no.97-108
|l 1943-1949
|m A14841426880
|
| 952 |
f |
f |
|p ric
|a Texas A&M University
|b Rellis Campus
|c Joint Library Facility
|d Remote Storage
|t 0
|e TA7 .M47
|h Library of Congress classification
|i unmediated -- volume
|k no.111
|l 1952
|m A14841426903
|
| 952 |
f |
f |
|p ric
|a Texas A&M University
|b Rellis Campus
|c Joint Library Facility
|d Remote Storage
|t 0
|e TA7 .M47
|h Library of Congress classification
|i unmediated -- volume
|k no.76-83
|l 1937-1938
|m A14841426872
|
| 952 |
f |
f |
|p ric
|a Texas A&M University
|b Rellis Campus
|c Joint Library Facility
|d Remote Storage
|t 0
|e TA7 .M47
|h Library of Congress classification
|i unmediated -- volume
|k no.1-25
|l 1925-1929
|m A14841426953
|
| 998 |
f |
f |
|a TA7 .M47
|s no.1-112 (1925-1953)
|t 0
|l Remote Storage
|